50 Actors - Statistics

General Stats
  • This quiz has been taken 192 times
    153 since last reset
  • The average score is 31 of 50
Answer Stats
Picture Answer % Correct
Jim Carrey
99%
Tom Hanks
99%
Arnold Schwarzenegger
91%
Harrison Ford
91%
Samuel L. Jackson
90%
John Travolta
87%
Charlie Chaplin
86%
Morgan Freeman
86%
Robin Williams
86%
Keanu Reeves
85%
Brad Pitt
84%
Tom Cruise
83%
Sylvester Stallone
80%
Daniel Craig
78%
Eddie Murphy
77%
Willem Dafoe
77%
Andrew Garfield
75%
Daniel Radcliffe
75%
Jack Nicholson
74%
Tobey Maguire
74%
Benedict Cumberbatch
73%
Martin Freeman
72%
Marlon Brando
71%
Ronald Reagan
69%
Billy Dee Williams
68%
Bruce Willis
68%
Edward Norton
68%
Michael J. Fox
66%
Elijah Wood
61%
Ian McKellen
61%
Kevin Spacey
60%
Mark Hamil
56%
Tommy Lee Jones
53%
Kurt Russel
52%
Kevin Costner
50%
Sean Connery
50%
Leonard Nimoy
49%
Tim Curry
49%
Chevy Chase
42%
Orson Welles
36%
Alfred Molina
30%
Anthony Perkins
28%
Kenneth Branagh
27%
William Shatner
25%
Gary Sinise
23%
Matthew Lillard
23%
Humphrey Bogart
20%
Paul Bettany
18%
Victor Garber
14%
John Rhys-Davies
11%
No matching quizzes found
Score Distribution
Percent of People with Each Score
Percentile by Number Answered
Your Score History
You have not taken this quiz since the last reset